|
|
|
|
| LEADER |
01447nam a2200217 a 4500 |
| 001 |
33731 |
| 003 |
BD-DhAAL |
| 005 |
20190623142821.0 |
| 008 |
170918b2018 bg a|||| |||| 000 0 ben d |
| 999 |
|
|
|c 40016
|d 40016
|
| 082 |
|
|
|a 354.549200722
|
| 245 |
|
|
|a মধ্যমেয়াদি বাজেট কাঠামো ২০১৮-১৯ হতে ২০২০-২১ :
|b সরকারি অর্থ ও বাজেট ব্যবস্থাপনা আইন, ২০০৯-এর ১০(৪) ও ১১ ধারা অনুযায়ী মহান জাতীয় সংসদে উপস্থাপিত /
|
| 260 |
|
|
|a ঢাকা :
|b অর্থ বিভাগ, অর্থ মন্ত্রণালয়, গণপ্রজাতন্ত্রী বাংলাদেশ সরকার,
|c ২০১৮
|
| 300 |
|
|
|a ৮৮৯ পৃ. ;
|b ২৮ সে.মি.
|
| 526 |
|
|
|a AAL
|
| 541 |
|
|
|a Development Book Agency
|e 33731
|
| 650 |
|
|
|a Budget
|z Bangladesh
|9 28227
|
| 710 |
|
|
|a অর্থ বিভাগ, অর্থ মন্ত্রণালয়,
|b গণপ্রজাতন্ত্রী বাংলাদেশ সরকার.
|9 28228
|
| 852 |
|
|
|a Ayesha Abed Library
|c General shelf
|
| 942 |
|
|
|2 ddc
|c BK
|
| 952 |
|
|
|0 0
|1 0
|2 ddc
|4 0
|6 354_549200722000000_MAD
|7 0
|9 64300
|a BRACUL
|b BRACUL
|c GEN
|d 2018-08-28
|e Development Book Agency
|g 400.00
|l 0
|o 354.549200722 MAD
|p 3010033731
|r 2018-08-28
|t 1
|v 400.00
|w 2018-08-28
|y BK
|